000 00223 a2200097 4500
001 29770
100 _aWranglen
245 _aIntroduction to corrosion and protection metals
260 _a
_bI F M
_c
090 _c19787
_d19787
942 _aNUST-CAE
_cM
_c10876
999 _c264843
_d264843